| 000 | 01601cam a2200313 a 4500 | ||
|---|---|---|---|
| 001 | 1180735 | ||
| 003 | OSt | ||
| 005 | 20150527164115.0 | ||
| 008 | 970618s1998 caua b 001 0 eng | ||
| 010 | _a 97021135 | ||
| 020 | _a076190817x | ||
| 040 |
_aDLC _cDLC _dDLC |
||
| 050 | 0 | 0 |
_aH61.28 _b.F63 1998 |
| 082 | 0 | 0 |
_a001.433 MOR 1998 _221 |
| 100 |
_aMorgan David L. _95009 |
||
| 245 | 0 | 0 |
_aPlanning Focus Groups: _bFocus group kit 2/ _cDavid L Morgan |
| 260 |
_aThousand Oaks, Calif. : _bSAGE Publications, _cc1998. |
||
| 300 |
_axiii, 139 p :. : _bill. ; _c26 cm. |
||
| 504 | _aIncludes bibliographical references and indexes. | ||
| 505 | 0 | _a1. The focus group guidebook / David L. Morgan -- 2. Planning focus groups / David L. Morgan with Alice U. Scannell -- 3. Developing questions for focus groups / Richard A. Krueger -- 4. Moderating focus groups / Richard A. Krueger -- 5. Involving community members in focus groups / Richard A. Krueger, Jean A. King -- 6. Analyzing & reporting focus group results / Richard A. Krueger. | |
| 650 | 0 |
_aFocus groups. _95010 |
|
| 700 | 1 |
_a. _95011 |
|
| 856 | 4 | 2 |
_3Publisher description _uhttp://www.loc.gov/catdir/enhancements/fy0656/97021135-d.html |
| 856 | 4 | 1 |
_3Table of contents only _uhttp://www.loc.gov/catdir/enhancements/fy0656/97021135-t.html |
| 856 | 4 | 2 |
_3Contributor biographical information _uhttp://www.loc.gov/catdir/enhancements/fy0829/97021135-b.html |
| 906 |
_a7 _bcbc _corignew _d1 _eocip _f19 _gy-gencatlg |
||
| 942 |
_2z _cSLOAN |
||
| 999 |
_c1905 _d1905 |
||